Normal view
MARC view
- Kashif Najeeb (328910)
Entry Personal Name
001 - CONTROL NUMBER
- control field: 118276
003 - CONTROL NUMBER IDENTIFIER
- control field: NUST
005 - DATE AND TIME OF LATEST TRANSACTION
- control field: 20230928113706.0
008 - FIXED-LENGTH DATA ELEMENTS
- fixed length control field: 230928|| aca||aabn | a|a d
040 ## - CATALOGING SOURCE
- Original cataloging agency: NUST
- Transcribing agency: NUST
100 ## - HEADING--PERSONAL NAME
- Personal name: Kashif Najeeb (328910)
670 ## - SOURCE DATA FOUND
- Source citation: Work cat.: (NUST)603243: Kashif Najeeb (328910), Techno-economic and Performance Assessment of a Hybrid Fuel Cell-based Combined Heat and Power System for a Dairy Industry /, 2023
